Until I Bleed Out - The Weeknd Lyrics - Statistics

General Stats
  • This quiz has been taken 83 times
  • The average score is 114 of 136
Answer Stats
Hint Lyrics % Correct
don't
98%
Chorus | Intro | Outro I
98%
wanna
96%
when
96%
my
93%
you
93%
I'm
91%
out
91%
bleeding
89%
can't
89%
it
89%
no
89%
the
89%
of
87%
so
87%
dreams
84%
get
84%
just
84%
more
84%
want
84%
terrified
80%
2x anymore
78%
feel
78%
2x life,
78%
myself
78%
sky
78%
'Til
78%
touch
78%
And
76%
high
76%
It's
76%
too
76%
way
76%
keep
73%
long
73%
why
73%
mind
71%
move,
71%
need
71%
Need
71%
outta
71%
coming
69%
cut
69%
down
69%
even
69%
telling
69%
been
67%
2x paralyzed
67%
explain
64%
Girl,
62%
Pre-C Well,
62%
ground
60%
Oh,
60%
'Cause
51%
Woah,
33%
No matching quizzes found
Score Distribution
Percent of People with Each Score
Percentile by Number Answered
Your Score History
You have not taken this quiz